Heidegger, being and truth /

Bibliographic Details
Main Author: Versenyi, Laszlo
Format: Book
Language:English
Published: New Haven : Yale University Press, 1965.
Subjects:

MARC

Tag First Indicator Second Indicator Subfields
LEADER 00000cam a2200000 i 4500
001 in00000060907
005 20240515170057.0
008 990201s1965 ctu b 001 0 eng d
010 |a  65011189  
015 |a GB6513099  |2 bnb 
016 7 |a 003781513  |2 Uk 
016 7 |a 008342210  |2 Uk 
019 |a 525696  |a 17519281  |a 62428208  |a 978972811  |a 986667059  |a 1006465874  |a 1026340809  |a 1055055419  |a 1114827425 
029 1 |a AU@  |b 000009661164 
029 1 |a AU@  |b 000009726454 
029 1 |a AU@  |b 000054244004 
029 1 |a AU@  |b 000055581378 
029 1 |a AU@  |b 000056483420 
029 1 |a AU@  |b 000056778166 
029 1 |a AU@  |b 000061946792 
029 1 |a DEBBG  |b BV018285798 
029 1 |a DEBSZ  |b 033515999 
029 1 |a GEBAY  |b 4756615 
029 1 |a HEBIS  |b 214745449 
029 1 |a NZ1  |b 3973392 
029 1 |a UKMGB  |b 003781513 
029 1 |a UKMGB  |b 008342210 
029 1 |a ZWZ  |b 015227677 
035 |a (OCoLC)ocm40712327  
035 |a (OCoLC)40712327  |z (OCoLC)525696  |z (OCoLC)17519281  |z (OCoLC)62428208  |z (OCoLC)978972811  |z (OCoLC)986667059  |z (OCoLC)1006465874  |z (OCoLC)1026340809  |z (OCoLC)1055055419  |z (OCoLC)1114827425 
035 |a (OCoLC)ocm40712327  
040 |a DQ$  |b eng  |e rda  |c DQ$  |d WSU  |d SER  |d UKM  |d MUQ  |d DRB  |d OCLCG  |d CNTRU  |d UPP  |d ZWZ  |d GEBAY  |d EDX  |d UKMGB  |d KIJ  |d SP1  |d OCLCF  |d CFT  |d DEBBG  |d OCLCA  |d OCLCO  |d OCLCA  |d OCLCQ  |d WLU  |d CSJ  |d OCLCQ  |d KFH  |d OCLCA  |d OCLCQ  |d OCLCO  |d OCLCQ  |d OCLCA  |d OCLCQ  |d OCLCO  |d IL4J6  |d OCLCO  |d OCLCQ  |d OCLCL 
050 0 |a B3279.H49  |b V4 
082 0 |a 111 
084 |a 5,1  |2 ssgn 
100 1 |a Versenyi, Laszlo. 
245 1 0 |a Heidegger, being and truth /  |c Laszlo Versényi. 
264 1 |a New Haven :  |b Yale University Press,  |c 1965. 
300 |a xi, 201 pages ;  |c 22 cm 
336 |a text  |b txt  |2 rdacontent 
337 |a unmediated  |b n  |2 rdamedia 
338 |a volume  |b nc  |2 rdacarrier 
340 |m 8vo.  |2 rdabf 
504 |a Includes bibliographical references and index. 
505 0 |a Existence and truth: the concept of truth in Being and Time -- Humanism, subjectivism, Nihilism -- Truth and being -- Beyond philosophy. 
600 1 0 |a Heidegger, Martin,  |d 1889-1976. 
650 0 |a Truth. 
600 1 6 |a Heidegger, Martin,  |d 1889-1976. 
650 6 |a Vérité. 
650 7 |a truth.  |2 aat 
600 1 7 |a Heidegger, Martin,  |d 1889-1976.  |2 fast  |0 (OCoLC)fst00032385  |1 https://id.oclc.org/worldcat/entity/E39PBJjRW3dxPxfBP4Mgt9Tfv3 
650 7 |a Truth.  |2 fast  |0 (OCoLC)fst01158235 
600 1 7 |a Heidegger, Martin  |d 1889-1976  |2 gnd 
650 7 |a Wahrheit  |2 gnd 
650 7 |a Sein  |2 gnd 
600 1 7 |a Heidegger, Martin,  |d 1889-1976.  |2 nli 
650 7 |a Vérité.  |2 ram 
600 1 7 |a Heidegger, Martin.  |2 swd 
758 |i has work:  |a Heidegger, being and truth (Text)  |1 https://id.oclc.org/worldcat/entity/E39PCGmBKdVqYRFmCCKKdFCRcd  |4 https://id.oclc.org/worldcat/ontology/hasWork 
776 0 8 |i Online version:  |a Versenyi, Laszlo.  |t Heidegger, being and truth.  |d New Haven, Yale University Press, 1965  |w (OCoLC)609935280 
948 |h HELD BY TXA - 691 OTHER HOLDINGS 
994 |a Z0  |b TXA 
999 f f |s 06f4e04d-3a1d-3adf-a7a6-4c56d24b68d5  |i 662aeb1d-674c-3792-9290-1bae062a68e6  |t 0 
952 f f |p ric  |a Texas A&M University  |b Rellis Campus  |c Joint Library Facility  |d Remote Storage  |t 0  |e B3279.H49 V4  |h Library of Congress classification  |i unmediated -- volume  |m A14800506338 
998 f f |a B3279.H49 V4  |t 0  |l Remote Storage